Ornitologicheskiĭ vi︠e︡stnik = Messager ornithologique = Ornithologische Mitteilungen.
Saved in:
| Other Authors: | |
|---|---|
| Format: | Journal |
| Language: | Russian |
| Published: |
Moskva :
G.I. Poli︠a︡kov,
1910-
|
| Subjects: | |
| Tags: |
Add Tag
No Tags, Be the first to tag this record!
|
| LEADER | 00895nas a2200277Ia 4500 | ||
|---|---|---|---|
| 001 | 003473155-5 | ||
| 005 | 20020606093309.7 | ||
| 008 | 920429u19109999ru qx p 0 c0rus d | ||
| 035 | 0 | |a ocm25732397 | |
| 040 | |a SMI |c SMI |d HMZ | ||
| 041 | 0 | |a rus |b freger | |
| 090 | |a QL671 |b .O74m | ||
| 245 | 0 | 0 | |a Ornitologicheskiĭ vi︠e︡stnik = |b Messager ornithologique = Ornithologische Mitteilungen. |
| 246 | 1 | 1 | |a Messager ornithologique. |
| 246 | 1 | 1 | |a Ornithologische Mitteilungen. |
| 260 | |a Moskva : |b G.I. Poli︠a︡kov, |c 1910- | ||
| 300 | |a v. : |b ill., maps ; |c 25 cm. | ||
| 310 | |a Four issues yearly. | ||
| 362 | 0 | |a Perviĭ g., no. 1- | |
| 500 | |a Title from cover. | ||
| 500 | |a Summaries in French and German. | ||
| 500 | |a Editor: 1910- G.I. Poli︠a︡kov. | ||
| 650 | 0 | |a Ornithology |v Periodicals. | |
| 700 | 1 | |a Poli︠a︡kov, G. I. |q (Grigoriĭ Izrailevich) | |
| 988 | |a 20020608 | ||
| 906 | |0 OCLC | ||


